书目信息 |
| 题名: |
脉冲技术
|
|
| 作者: | 杰里钦科 , 米耶罗维奇 著 ;鲍惟三 译 | |
| 分册: | 上册 | |
| 出版信息: | 北京 国防工业出版社 1958 |
|
| 页数: | 319页 | |
| 开本: | 19cm | |
| 丛书名: | ||
| 单 册: | ||
| 中图分类: | TN78 | |
| 科图分类: | ||
| 主题词: | 脉冲技术 | |
| 电子资源: | ||
| ISBN: | ||
| 000 | 00764nam0 2200241 45 | |
| 001 | 0183000783 | |
| 005 | 20060515172216.42 | |
| 010 | @dCNY2.05 | |
| 100 | @a19950727d1958 em y0chiy0121 ea | |
| 101 | 0 | @achi |
| 102 | @aCN@b110000 | |
| 105 | @ay z 000yy | |
| 200 | 10 | @a脉冲技术@Amai chong ji shu@h上册@f(苏)Л·А·米耶罗维奇,Л·Г·杰里钦科著@F(su)Л·А·mi ye luo wei qi,Л·Г·jie li qin ke zhu@g鲍惟三译@Gbao wei san yi |
| 210 | @a北京@c国防工业出版社@d1958 | |
| 215 | @a319页@d19cm | |
| 606 | @a脉冲技术 | |
| 690 | @aTN78@v3 | |
| 701 | 0 | @a杰里钦科@Ajie li qin ke@4著 |
| 701 | 0 | @a米耶罗维奇@Ami ye luo wei qi@4著 |
| 702 | 0 | @a鲍惟三@Abao wei san@4译 |
| 801 | 0 | @aCN@bTSSF@c20060515 |
| 801 | 2 | @aCN@bNLC@c20060512 |
| 905 | @a10447@dTN78@e3:1 | |
| 脉冲技术.上册/(苏)Л·А·米耶罗维奇,Л·Г·杰里钦科著/鲍惟三译.-北京:国防工业出版社,1958 |
| 319页;19cm |
| ISBN :CNY2.05 |
| ● |
| 相关链接 |
|
|
|
|
正题名:脉冲技术
索取号:TN78/3:1
 
预约/预借
| 序号 | 登录号 | 条形码 | 馆藏地/架位号 | 状态 | 备注 |
| 1 | 0011748 | 202351418 | 密集书库/ [索取号:TN78/3:1] | 在馆 |